000 00210nam a2200085Ia 4500
008 120527s9999 xx 000 0 und d
100 _aHoward, et al
245 _aClinical and pathogemic microbiology
942 _cBK
999 _c27310
_d27310